000 00386nam a2200133Ia 4500
008 151001s9999||||xx |||||||||||||| ||und||
100 _aकुमुदिनी रांगणेकर
245 _aकाळा महल
250 _a1
260 _bगुलमोहर प्रकाशन सातारा
260 _c1986
300 _a186
365 _b18
999 _c965124
_d965121